书目信息 |
| 题名: |
农业气象学
|
|
| 作者: | ;辽宁省熊岳农业学校 主编 | |
| 分册: | ||
| 出版信息: | 北京 农业出版社 1961 |
|
| 页数: | 208页 | |
| 开本: | 20cm | |
| 丛书名: | ||
| 单 册: | ||
| 中图分类: | S16 | |
| 科图分类: | ||
| 主题词: | 农业科学:气象学 | |
| 电子资源: | ||
| ISBN: | ||
| 000 | 00683nam0 2200217 450 | |
| 001 | 0632803186 | |
| 005 | 20060424091222.89 | |
| 010 | @dCNY0.60 | |
| 091 | @aK16144.1110 | |
| 100 | @a20060424d1961 km y0chiy0120 ea | |
| 101 | 0 | @achi |
| 102 | @aCN@b110000 | |
| 200 | 1 | @a农业气象学@Anong ye qi xiang xue@f辽宁省熊岳农业学校主编@Fliao ning sheng xiong yue nong ye xue xiao zhu bian |
| 210 | @a北京@c农业出版社@d1961 | |
| 215 | @a208页@d20cm | |
| 300 | @a中等农业学校试用教科书;农学类各专业用 | |
| 606 | 0 | @a农业科学:气象学 |
| 690 | @aS16@v3 | |
| 711 | 0 | @a辽宁省熊岳农业学校@Aliao ning sheng xiong yue nong ye xue xiao@4主编 |
| 801 | 0 | @aCN@bPFT@c20060424 |
| 905 | @a10447@dS16@e1 | |
| 农业气象学/辽宁省熊岳农业学校主编.-北京:农业出版社,1961 |
| 208页;20cm |
| 中等农业学校试用教科书;农学类各专业用 |
| ISBN :CNY0.60 |
| ● |
| 相关链接 |
|
|
|
|
正题名:农业气象学
索取号:S16/1
 
预约/预借
| 序号 | 登录号 | 条形码 | 馆藏地/架位号 | 状态 | 备注 |
| 1 | 0017859 | 202281459 | 密集书库/ [索取号:S16/1] | 在馆 |